000 01299nam a2200337Ia 4500
001 ebr10278802
003 CaPaEBR
006 m u
007 cr cn|||||||||
008 950928s1995 nyu sb 001 0 eng d
010 _z 94039937
020 _z0195091647 (cloth : alk. paper)
020 _z0195091655 (pbk. : alk. paper)
020 _z9780195091649
040 _aCaPaEBR
_cCaPaEBR
035 _a(OCoLC)252607001
050 1 4 _aBX9418
_b.S698 1995eb
100 1 _aSteinmetz, David Curtis.
245 1 0 _aCalvin in context
_h[electronic resource] /
_cDavid Steinmetz.
260 _aNew York :
_bOxford University Press,
_cc1995.
300 _a[xvii], 235 p.
504 _aIncludes bibliographical references (p. 213-221) and indexes.
533 _aElectronic reproduction.
_bPalo Alto, Calif. :
_cebrary,
_d2009.
_nAvailable via World Wide Web.
_nAccess may be limited to ebrary affiliated libraries.
600 1 0 _aCalvin, Jean,
_d1509-1564.
650 0 _aCalvinism
_xHistory.
650 0 _aReformation.
650 0 _aReformed Church
_xDoctrines
_xHistory
_y16th century.
655 7 _aElectronic books.
_2local
710 2 _aebrary, Inc.
856 4 0 _uhttp://site.ebrary.com/lib/rucke/Doc?id=10278802
_zAn electronic book accessible through the World Wide Web; click to view
999 _c4328
_d4328